000 00684nam a2200217 a 4500
001 000039367
003 DO-SdBNP
005 20250225115303.0
008 111021s1972 ag 000 0 spa d
040 _aDO-SdBNP
_bspa
_cBNPHU
082 _a501
_bB942c
100 1 _aBunge, Mario
_931145
245 1 3 _aLa ciencia, su método y su filosofía /
_cMario Bunge.
260 _aBuenos Aires. :
_bSiglo Veinte,
_c1972.
300 _a159 p. ;
_c20 cm.
500 _aIncluye referencias bibliográficas y notas al pie de las páginas.
650 0 _a Ciencia -
_xMetodología
_93
650 4 _aCiencia
_xFilosofía
_954994
910 _aValidado. Control de calidad MFF
942 _2ddc
_cLBS1
999 _c38857
_d38857